A guide to site and environmental planning (Record no. 13231)
[ view plain ]
| 000 -LEADER | |
|---|---|
| fixed length control field | 00480cam a2200169 4500 |
| 020 ## - INTERNATIONAL STANDARD BOOK NUMBER | |
| ISBN | 0471744409 |
| 040 ## - CATALOGING SOURCE | |
| Transcribing agency | wb |
| 082 0# - DEWEY DECIMAL CLASSIFICATION NUMBER | |
| Classification number | 712 WIL 1969 A085 Or. |
| 100 1# - MAIN ENTRY--AUTHOR NAME | |
| Personal name | Rubenstein, Harvey M. |
| 245 12 - TITLE STATEMENT | |
| Title | A guide to site and environmental planning |
| 260 ## - PUBLICATION, DISTRIBUTION, ETC. (IMPRINT) | |
| Place of publication | New York, |
| Name of publisher | Wiley |
| Year of publication | [1969] |
| 300 ## - PHYSICAL DESCRIPTION | |
| Number of Pages | 190 p. |
| Other physical details | illus., maps (part col.), plans. |
| Dimensions | 29 cm. |
| 650 #0 - SUBJECT ADDED ENTRY--TOPICAL TERM | |
| Topical Term | Landscape architecture |
| 650 #0 - SUBJECT ADDED ENTRY--TOPICAL TERM | |
| Topical Term | Building sites |
| 650 #0 - SUBJECT ADDED ENTRY--TOPICAL TERM | |
| Topical Term | Site and environmental planning. |
| 942 ## - ADDED ENTRY ELEMENTS (KOHA) | |
| Koha item type | សៀវភៅភាសាអង់គ្លេស |
| 952 ## - LOCATION AND ITEM INFORMATION (KOHA) | |
| Withdrawn status [LOCAL, KOHA] | 0 |
| Permanent Location | Date acquired | Koha item type | Lost status | Shelving location | Barcode | Current Location | Full call number |
|---|---|---|---|---|---|---|---|
| Library Block A | 2017-08-22 | សៀវភៅភាសាអង់គ្លេស | A088 | A06412 | Library Block A | 712 WIL 1969 A088 Or. |